Catálogo
 En Linea

Historia dominicana en olimpíadas de verano : (Registro nro. 58562)

Detalles MARC
000 -CABECERA
campo de control de longitud fija 02483nam a22002897i 4500
003 - IDENTIFICADOR DEL NÚMERO DE CONTROL
campo de control DO-SdBNP
005 - FECHA Y HORA DE LA ÚLTIMA TRANSACCIÓN
campo de control 20250402115328.0
007 - CAMPO FIJO DE DESCRIPCIÓN FÍSICA--INFORMACIÓN GENERAL
campo de control de longitud fija ta
008 - DATOS DE LONGITUD FIJA--INFORMACIÓN GENERAL
campo de control de longitud fija 250402b2024 dr ao||| |||| 00| 0 spa d
020 ## - NÚMERO INTERNACIONAL ESTÁNDAR DEL LIBRO
Número Internacional Estándar del Libro 9789945800111
040 ## - FUENTE DE LA CATALOGACIÓN
Centro catalogador/agencia de origen DO-SdBNP
Lengua de catalogación spa
Centro/agencia transcriptor BNPHU
Normas de descripción rda
041 ## - CÓDIGO DE LENGUA
Código de lengua del texto/banda sonora o título independiente spa
082 #4 - NÚMERO DE LA CLASIFICACIÓN DECIMAL DEWEY
Número de clasificación 0
Número de documento/Ítem R457h
Número de edición 22
100 1# - ENTRADA PRINCIPAL--NOMBRE DE PERSONA
Nombre de persona Reyes, Jesús Leonardo
Término indicativo de función/relación autor
Código de función/relación aut.
9 (RLIN) 87304
245 10 - MENCIÓN DE TÍTULO
Título Historia dominicana en olimpíadas de verano :
Resto del título Tokio 1964 a Tokio 12020 /
Mención de responsabilidad, etc. Jesús Leonardo Reyes ; prólogo, Luis Mejía Oviedo.
264 ## - PRODUCCIÓN, PUBLICACIÓN, DISTRIBUCIÓN, FABRICACIÓN Y COPYRIGHT
Producción, publicación, distribución, fabricación y copyright Santo Domingo, República Dominicana :
Nombre del de productor, editor, distribuidor, fabricante Editora Corripio,
Fecha de producción, publicación, distribución, fabricación o copyright 2024.
300 ## - DESCRIPCIÓN FÍSICA
Extensión 285, [6] páginas :
Otras características físicas ilustraciones, fotos ;
Dimensiones 30 cm.
336 ## - TIPO DE CONTENIDO
Término de tipo de contenido texto
Código de tipo de contenido txt
Fuente rdacontent
337 ## - TIPO DE MEDIO
Nombre/término del tipo de medio sin mediación
Código del tipo de medio n
Fuente rdamedia
338 ## - TIPO DE SOPORTE
Nombre/término del tipo de soporte volumen
Código del tipo de soporte nc
Fuente rdacarrier
500 ## - NOTA GENERAL
Nota general Incluye datos del autor en la solapa de la cubierta.
504 ## - NOTA DE BIBLIOGRAFÍA, ETC.
Nota de bibliografía, etc. Bibliografía: p. 291
505 ## - NOTA DE CONTENIDO CON FORMATO
Nota de contenido con formato Dedicatoria, 5. --Mensaje del presidente del COD, 8. --Exhortación olímpica, 9-10. --Prólogo, 11-12. --Introducción, 13-14-15. --historia del COD, 16-17. --galería de los presidentes del COD, 28. -- Aporte del sector privado al deporte (Creso), 29. --Atletas dominicanos abanderados en Olimpíadas, 30-33. --Juegos Olímpico Tokio, Japón, 1964. --Juegos Olímpicos México, 1968, 41-51. --Juegos Olímpicos Múnich, Alemania, 1972, 53-61. --Juegos Olímpicos Montreal, Canadá, 1976, 63-69. --Juegos Olímpicos Moscú, Rusia, 1980, 71-77. --Juegos Olímpicos Los Ángeles, Estados Unidos, 1984, 79-91, 79-91. --juegos Olímpicos Seúl, Corea del Sur, 1988, 93-103. --Juegos Olímpicos Barcelona, España, 199, 105-123. --juegos Olímpicos Atlanta, Estados Unidos, 1996, 125-139. --juegos Olímpicos Sydney, Australia, 2000, 141-151. --juegos Olímpicos Atenas, Grecia, 2004, 153-171. --Juegos Olímpicos Beijing, China, 2008, 173-187. --Juegos Olímpicos Londres, Inglaterra, 2012, 89-211. --Juegos Olímpico Rio de Janeiro, Brasil, 2016. 213-227. --Juegos Olímpicos Tokio, Japón, 2020, 229-277. --Cuadros de estadísticos, 278-282. Las Medallas. --Deportistas medallistas en Olimpíadas. --Las preseas olímpicas de República Dominicana. --Los deportes y cantidad de atletas por edición en juegos Olímpicos. --Atletas con más de una presencia en Juegos Olímpicos. --Delegación atlética en cada olimpíadas, 263-285. --Bibliografía, 291.
590 ## - NOTA LOCAL (RLIN)
Nota local Inventariado, 2025 /LP
700 1# - PUNTO DE ACCESO ADICIONAL--NOMBRE DE PERSONA
Nombre de persona Mejía Oviedo, Luis,
Término indicativo de función/relación prologuista
Código de función/relación pr.
9 (RLIN) 46135
942 ## - ELEMENTOS DE PUNTO DE ACCESO ADICIONAL (KOHA)
Fuente del sistema de clasificación o colocación Dewey Decimal Classification
Tipo de ítem Koha Libro
Existencias
Estado de retiro Estado de pérdida Fuente del sistema de clasificación o colocación Restricciones de uso No para préstamo Código de colección Localización permanente Ubicación/localización actual Ubicación en estantería Fecha de adquisición Fuente de adquisición Total de préstamos Signatura topográfica completa Código de barras Fecha visto por última vez Precio válido a partir de Tipo de ítem Koha Número de copia
    Dewey Decimal Classification Excluido de préstamo   Patrimonio Dominicano Biblioteca Nacional Pedro Henríquez Ureña Biblioteca Nacional Pedro Henríquez Ureña En catalogación 02.09.2024 Depósito Legal   0 R457h 2025-2380 02.04.2025 02.04.2025 Libro  
    Dewey Decimal Classification Excluido de préstamo   Patrimonio Dominicano Biblioteca Nacional Pedro Henríquez Ureña Biblioteca Nacional Pedro Henríquez Ureña En catalogación 02.09.2024 Depósito Legal   0 R457h 2025-2381 02.04.2025 02.04.2025 Libro e. 2
    Dewey Decimal Classification Préstamo en sala   Dominicana de Servicio Biblioteca Nacional Pedro Henríquez Ureña Biblioteca Nacional Pedro Henríquez Ureña En catalogación 02.04.2025 Depósito Legal   0 R457h 2025-2382 02.04.2025 02.04.2025 Libro e. 3

Con tecnología Koha